| 000 | 00555nam a2200193 4500 | ||
|---|---|---|---|
| 001 | 113644 | ||
| 003 | ES-MaACL | ||
| 005 | 20250710062728.0 | ||
| 007 | t| | ||
| 008 | 061121s1954 fr r ||||1| fre d | ||
| 100 | 1 |
_aNogaro, Bertrand. _985850 |
|
| 245 | 1 | 4 |
_aLes grands problemes de l'economie contemporaine / _cpar Bertrand Nogaro. |
| 260 |
_aParis : _bPresses Universitaires, _c1954. |
||
| 300 |
_a128 p. ; _c18 cm. |
||
| 490 | 1 | _aQue sais-je? | |
| 830 | 0 | 0 |
_aQue sais-je? _9180931 |
| 852 |
_aES-MaACL _jB-10179 _bR.45382 |
||
| 999 |
_c113644 _d113644 |
||